One Piece Characters - Punk Hazard - Statistics

General Stats
  • This quiz has been taken 793 times
  • The average score is 7 of 9
Answer Stats
Hint Answer % Correct
Harpy with the snow logia Monet
89%
Samurai who can create clothes Kinemon
87%
Son of the above. Has a dragon zoan Momonosuke
86%
Member of the Doflamingo family who can turn body parts into weapons Baby 5
85%
Marine who is secretly working for Doflamingo Vergo
84%
Mad Scientist with the gas logia Caesar Clown
77%
Member of the Doflamingo family who can spin different body parts Buffalo
60%
Blob of poisonous gas that has the axoltl fruit Smiley
56%
Pair of yetis Yeti cool brothers
38%
No matching quizzes found
Score Distribution
Percent of People with Each Score
Percentile by Number Answered
Your Score History
You have not taken this quiz